|
|
|
|
| LEADER |
00000cam a2200000 7i4500 |
| 001 |
0000025050 |
| 005 |
20160330.0 |
| 008 |
090204 |
| 020 |
|
|
|a 9833991396
|
| 090 |
0 |
0 |
|a NUR
|b MAL
|
| 100 |
0 |
|
|a Nur Azmi
|
| 245 |
1 |
0 |
|a Pertemuan
|c Nur Azmi
|
| 260 |
|
|
|a Selangor :
|b Al-Ameen Serve Holdings ,
|c 2007
|
| 440 |
|
|
|a Mambo-hikayat hidup orang muda
|
| 500 |
|
|
|a Judul kulit depan: Mambo-hikayat hidup orang muda
|
| 500 |
|
|
|a Teenager ages 13-18 years old (blue)
|
| 650 |
|
0 |
|a Graphic novels
|
| 650 |
|
0 |
|a Malay fiction
|x Comic books, strips, etc
|
| 999 |
|
|
|a 0001039569
|b Book
|c Teenagers
|e Perbadanan Perpustakaan Awam Johor
|